Hueco Tanks : the essential guide to America's bouldering mecca /

Bibliographic Details
Main Author: Wilder, Matt
Format: Book
Language:English
Published: New Castle, Colo. : Wolverine Pub., [2004]
Subjects:

MARC

Tag First Indicator Second Indicator Subfields
LEADER 00000cam a2200000Ia 4500
001 in00003994721
005 20181024083943.0
008 041117s2004 couab 001 0 eng d
010 |a  2005297185 
020 |a 0972160930 
020 |a 9780972160933 
035 |a (OCoLC)ocm56986113 
040 |a AHR  |b eng  |c AHR  |d DLC  |d BTCTA  |d BAKER  |d OCLCF  |d OCLCO  |d OCLCQ  |d CQU  |d UtOrBLW 
043 |a n-us-tx 
049 |a TXAM 
050 0 0 |a GV199.42.T492  |b H849 2004 
082 0 4 |a 796.5223  |b W673h 
100 1 |a Wilder, Matt.  |0 http://id.loc.gov/authorities/names/n2005038948 
245 1 0 |a Hueco Tanks :  |b the essential guide to America's bouldering mecca /  |c by Matt Wilder. 
264 1 |a New Castle, Colo. :  |b Wolverine Pub.,  |c [2004] 
264 4 |c ©2004 
300 |a 288 pages :  |b color illustrations, color maps ;  |c 23 cm 
336 |a text  |b txt  |2 rdacontent 
337 |a unmediated  |b n  |2 rdamedia 
338 |a volume  |b nc  |2 rdacarrier 
500 |a Cover title. 
500 |a Includes index. 
650 0 |a Rock climbing  |z Texas  |z Hueco Tanks State Historical Park  |v Guidebooks. 
651 0 |a Hueco Tanks State Historical Park (Tex.)  |v Guidebooks. 
650 7 |a Rock climbing.  |2 fast  |0 (OCoLC)fst01099140 
651 7 |a Texas  |z Hueco Tanks State Historical Park.  |2 fast  |0 (OCoLC)fst01262591 
655 7 |a Guidebooks.  |2 fast  |0 (OCoLC)fst01423871 
948 |a cataloged  |b h  |c 2018/8/17  |d c  |e ceaton  |f 11:22:09 am 
994 |a C0  |b TXA 
999 f f |s 8a745305-de9d-3b93-8eb8-f5c479eba5e8  |i 53a10c31-509d-3557-988f-b11e823fb2a4  |t 0 
952 f f |p normal  |a Texas A&M University  |b College Station  |c Sterling C. Evans Library  |d Evans: Library Stacks  |t 0  |e GV199.42.T492 H849 2004  |h Library of Congress classification  |i unmediated -- volume  |m A14850625055 
998 f f |a GV199.42.T492 H849 2004  |t 0  |l Evans: Library Stacks